LEADER 01192nam0-2200409-i-450- 001 990009506170403321 005 20111222133439.0 010 $a978-0-691-15313-1$bhardback 010 $a978-0-691-15314-8$bpaperback 035 $a000950617 035 $aFED01000950617 035 $a(Aleph)000950617FED01 035 $a000950617 100 $a20111222d2012----km-y0itay50------ba 101 0 $aeng 102 $aUS 105 $aa---a---001yy 200 1 $a<>ambient metric$fCharles Fefferman, C. Robin Graham 210 $aPrinceton$cPrinceton University Press$d2012 215 $a111 p.$d4 cm 225 1 $aAnnals of mathematics studies$v178 610 0 $aGeometria differenziale$aPresentazione di ricerche 610 0 $aGeometria differenziale conforme 610 0 $aMetodi della geometria riemanniana 676 $a513.3'7 700 1$aFefferman,$bCharles$0476528 701 1$aGraham,$bC. Robin$0514805 801 0$aIT$bUNINA$gREICAT$2UNIMARC 901 $aBK 912 $a990009506170403321 952 $aC-11-(178$b24974$fMA1 959 $aMA1 962 $a53-02 962 $a53A30 962 $a53C21 996 $aAmbient metric$9850878 997 $aUNINA LEADER 00845nam0-22002771i-450 001 990004818540403321 005 20180308164907.0 035 $a000481854 100 $a19990530g19739999km-y0itay50------ba 101 0 $aita 102 $aIT 105 $ay-------001yy 200 1 $aAspetti religiosi nella letteratura del 1400$fRemo L. Guidi 210 $aVicenza$cL.I.E.F.$d1973- 215 $a224 p.$d24 cm 327 0 $a4.: Cultura e vita nell'età umanistica. - 1976 610 0 $aLetteratura italiana$aSec. 15.$aAspetti religiosi 676 $a850.9003$v22 700 1$aGuidi,$bRemo L.$0167626 801 0$aIT$bUNINA$gRICA$2UNIMARC 901 $aBK 912 $a990004818540403321 952 $a850.9003 GUI 1(4)$bIst.f.m.29704$fFLFBC 959 $aFLFBC 996 $aAspetti religiosi nella letteratura del 1400$91506564 997 $aUNINA